Atulchandra Baruah Rachanavali / (Record no. 1029)
[ view plain ]
| 000 -LEADER | |
|---|---|
| fixed length control field | 00482nam a22001937a 4500 |
| 003 - CONTROL NUMBER IDENTIFIER | |
| control field | OSt |
| 005 - DATE AND TIME OF LATEST TRANSACTION | |
| control field | 20260223144005.0 |
| 008 - FIXED-LENGTH DATA ELEMENTS--GENERAL INFORMATION | |
| fixed length control field | 260223b |||||||| |||| 00| 0 eng d |
| 040 ## - CATALOGING SOURCE | |
| Transcribing agency | SKBL |
| 041 ## - LANGUAGE CODE | |
| Language code of text/sound track or separate title | asm |
| 082 ## - DEWEY DECIMAL CLASSIFICATION NUMBER | |
| Classification number | 891.4108 |
| Item number | De 369 At |
| 100 ## - MAIN ENTRY--AUTHOR NAME | |
| Personal name | Deka, Kanak Chandra. |
| Relator term | Editor |
| 245 #0 - TITLE STATEMENT | |
| Title | Atulchandra Baruah Rachanavali / |
| 250 ## - EDITION STATEMENT | |
| Edition statement | 1st ed. / |
| 260 ## - PUBLICATION, DISTRIBUTION, ETC. (IMPRINT) | |
| Place of publication | Guwahati : |
| Name of publisher | Baruah Prakashan , |
| Year of publication | 1996. |
| 300 ## - PHYSICAL DESCRIPTION | |
| Number of Pages | 1198p. : |
| 650 ## - SUBJECT ADDED ENTRY--TOPICAL TERM | |
| Topical Term | Assamese linguistics |
| 942 ## - ADDED ENTRY ELEMENTS (KOHA) | |
| Koha item type | Reference |
| Withdrawn status | Department | Home library | Current library | Accession Date | Serial Enumeration / chronology | Full call number | Accession Number | Price effective from | Koha item type | Public note |
|---|---|---|---|---|---|---|---|---|---|---|
| Dr. Suryya Kumar Bhuyan Library | Dr. Suryya Kumar Bhuyan Library | 01/02/2012 | v.2 | 891.4108 De 369 At | 3016/As | 01/02/2012 | Reference | REF ALMIRAH 1 | ||
| Dr. Suryya Kumar Bhuyan Library | Dr. Suryya Kumar Bhuyan Library | 01/02/2012 | 891.4108 De 369 At | 3003/As | 01/02/2012 | Books | ||||
| Dr. Suryya Kumar Bhuyan Library | Dr. Suryya Kumar Bhuyan Library | 01/02/2012 | v.2 | 891.4108 De 369 At | 3004/As | 01/02/2012 | Reference | REF ALMIRAH 1 | ||
| Dr. Suryya Kumar Bhuyan Library | Dr. Suryya Kumar Bhuyan Library | 01/02/2012 | 891.4108 De 369 At | 3005/As | 01/02/2012 | Books | ||||
| Dr. Suryya Kumar Bhuyan Library | Dr. Suryya Kumar Bhuyan Library | 01/02/2012 | 891.4108 De 369 At | 3012/As | 01/02/2012 | Books | ||||
| Dr. Suryya Kumar Bhuyan Library | Dr. Suryya Kumar Bhuyan Library | 01/02/2012 | 891.4108 De 369 At | 3013/As | 01/02/2012 | Books | ||||
| Dr. Suryya Kumar Bhuyan Library | Dr. Suryya Kumar Bhuyan Library | 01/02/2012 | 891.4108 De 369 At | 3014/As | 01/02/2012 | Books |
